01073nam a2200229 i 450000100060000000300090000600500170001500700030003200800410003504000130007608000190008910000470010824502640015526000590041930000280047861000860050665000530059285200300064594200160067599900170069195201350070892366ES-MaACL20240426063025.0t|050307s1921 sp |||| | spa d cES-MaACL a308-055.2(091)1 aLillo, Victoriano,9157149d1889-1959eaut11a¿Qué situación e influencia tuvo la mujer en las pasadas sociedades y cuáles tendrá en las próximas? :bmemoria presentada a la Sección de Ciencias Morales y Políticas : leída en el Ateneo de Madrid el 9 de diciembre de 1921 / cpor V. Lillo. aMadrid : b[s.n.], c[1921?]f(Gráf. "Ambos Mundos") a29 páginas ; c21 cm.24aAteneo de Madrid. bSección de Ciencias Morales y Políticas-vMemorias.9198604aMujeres-xSituación social-vHistoria.9167789 aES-MaACLcDEPOFj1665-F-9 cFOLLETOSn0 c92366d92366 00102udc40708Colección_de_folletosaATENEOMbATENEOMcDEPOFd2008-01-17l0o1665-F-9p1096432r2023-02-23 00:00:00yFOLLETOS